Top 100 beliebtesten Vornamen 2023 - Statistiken

Allgemein
  • Dieses Quiz wurde 37 mal gespielt
  • Das Durchschnittsergebnis liegt bei 64 aus 100
Antwortstatistiken
📍 Vorname % Korrekt
E.i.s ♂️ Elias
100%
L.a Lia
100%
S.b..t..n Sebastian
100%
Li.m Liam
90%
D.v.d David
87%
F.l.x Felix
87%
J.k.b Jakob
87%
L.k.s Lukas
87%
Pa.l Paul
87%
Em.l Emil
83%
F.b..n Fabian
83%
T.m Tim
83%
J.n Jan
80%
Jo.a Jona
80%
Le.n Leon
80%
M.x.m.l..n Maximilian
80%
Th.m.s Thomas
80%
A.r.n Aaron
77%
Al..a.d.r Alexander
77%
Am.l.e Amelie
77%
An.a Anna
77%
B.n Ben
77%
D.n..l Daniel
77%
El.s.b..h Elisabeth
77%
E.i.y Emily
77%
J.n.s Jonas
77%
J.l.a Julia
77%
M.r..z Moritz
77%
P.u.a Paula
77%
V.l..t.n Valentin
77%
V.n.s.a Vanessa
77%
A.t.n Anton
73%
Em.l.a Emilia
73%
Em.a Emma
73%
Ja.a Jana
73%
J.h.n.a Johanna
73%
L.a Lea
73%
Le.i Levi
73%
Ne.e Nele
73%
S.m..l Samuel
73%
S.r.h Sarah
73%
El.a Ella
70%
J.n.t..n Jonathan
70%
J.l..n Julian
70%
La.a Lara
70%
Le.a Lena
70%
Ma.c.l Marcel
70%
M.r.a Maria
70%
M.a Mia
70%
L.n.s Linus
67%
M.t..l.a Mathilda
67%
M.t..o Matteo
67%
Ad.i.n Adrian
63%
C.a.l.t.e Charlotte
63%
J.n.h Jonah
63%
L.v.n Levin
63%
Li.a Lisa
63%
Mi.a Mila
63%
Ni.a Nina
63%
S.m.n Simon
63%
V.l..t..a Valentina
63%
Am.l.a Amalia
60%
I.a Ida
60%
L.o..e Leonie
60%
Li.a Lina
60%
M.r.e Marie
60%
S.p..a Sophia
60%
S.p..e Sophie
60%
M.l.a Malia
57%
Ma.a Mara
57%
M.c.a.l Michael
57%
Th.o Theo
57%
L.u.a Laura
53%
Le.i Leni
53%
Lu.s Luis
53%
Mi.a Mira
53%
Na.a ♀️ Nala
53%
Ju.a Juna
50%
Mi.o Milo
50%
No.a Nora
50%
A.i.a Alina
47%
E.e.a Elena
47%
L.i.a Luisa
47%
A.d.e.s Andreas
43%
A.a Ava
43%
K.l..n Kilian
43%
T.n.a Tanja
43%
E.i.n Elian
40%
Ki.n Kian
40%
Ma.l..e Marlene
40%
E.i.a Elina
37%
Fl.r..n Florian
33%
Ch.i.t..n Christian
30%
M.l.n Milan
30%
N.l.o Nelio
30%
A.v.d Arvid
27%
M.l.a Malea
27%
M.l..a Melina
23%
F.e.e Fiete
20%
Y.s.i Yusei
0%
Keine übereinstimmenden Quizze gefunden
Verteilung der Resultate
Anzahl Personen mit jedem Resultat
Perzentil nach korrekt beantworteten Fragen
Ihre Resultats-Entwicklung
Sie haben dieses Quiz noch nicht gespielt